| 000 | 01013cam a2200241 4500 | ||
|---|---|---|---|
| 001 | ABS68253 | ||
| 008 | 041001n2004 000 0 eng u | ||
| 035 | _a(Sirsi) u127602 | ||
| 100 | _aSpanvirt, A. | ||
| 245 | _aCzech list | ||
| 260 | _c2004 | ||
| 490 |
_aBuilding _v269(8344) 6 August 2004, 36-37(2) |
||
| 520 | _aPublic procurement law was first regulated in the Czech Republic in 1994 and was further revised December 2003, the changes taking effect when the Czech Republic joined the EU in May 2004. Despite this there are many important issues that still need to be addressed. For example, the legislation failed to deal with public-private partnerships whilst competitive dialogue must be introduced to give more flexibility to contracting authorities. | ||
| 590 | _aABS | ||
| 590 | _aABS | ||
| 650 | _aCZECH REPUBLIC | ||
| 650 | _aEU PROCUREMENT | ||
| 650 | _aPUBLIC PROCUREMENT | ||
| 650 | _aEUROPEAN UNION | ||
| 650 | _aEC DIRECTIVES | ||
| 690 | _aINTERNATIONAL-EUROPE | ||
| 942 | _n0 | ||
| 999 |
_c118106 _d118106 |
||